00685nam a2200181 i 450000100060000000300090000600500170001500700030003200800410003510000410007624500890011726000820020630000300028870000290031885200200034799900170036795201190038459979ES-MaACL20230906164131.0t|031031s1931 sp ||||1| spa d1 aErenburg, Il'ia Grigor'evich.94737813aEl amor de Juana Ney / cElías Erenburg ; versión española de Manuel Pumarega. aMadrid : bEdiciones Hoy, c1931 (fCompañía General de Artes Gráficas) a374 p. : bil. ; c19 cm.1 aPumarega, Manuel.994395 aES-MaACLjA-917 c59979d59979 00104070aATENEOMbATENEOMcSPP1d2008-01-17eSCl0oA-917p1062905r2023-02-23 00:00:00w2023-02-23yMONOGRAFIA